<?xml version="1.0" encoding="UTF-8"?>
<record
    xmlns:xsi="http://www.w3.org/2001/XMLSchema-instance"
    xsi:schemaLocation="http://www.loc.gov/MARC21/slim http://www.loc.gov/standards/marcxml/schema/MARC21slim.xsd"
    xmlns="http://www.loc.gov/MARC21/slim">

  <leader>01337nam a2200205 a 4500</leader>
  <controlfield tag="008">180918s2003    ag |||||||||| 00| 0|spa d</controlfield>
  <datafield tag="020" ind1=" " ind2=" ">
    <subfield code="a">9871106335</subfield>
  </datafield>
  <datafield tag="041" ind1=" " ind2=" ">
    <subfield code="a">spa</subfield>
  </datafield>
  <datafield tag="092" ind1=" " ind2=" ">
    <subfield code="c">808.88 </subfield>
    <subfield code="l">13</subfield>
    <subfield code="s">COR</subfield>
  </datafield>
  <datafield tag="100" ind1="1" ind2=" ">
    <subfield code="a">Cort&#xE1;zar, Julio</subfield>
    <subfield code="9">3297</subfield>
  </datafield>
  <datafield tag="245" ind1=" " ind2=" ">
    <subfield code="a">Bestiario /</subfield>
    <subfield code="c">Julio Cortazar</subfield>
  </datafield>
  <datafield tag="250" ind1=" " ind2=" ">
    <subfield code="a">1a ed.</subfield>
  </datafield>
  <datafield tag="260" ind1=" " ind2=" ">
    <subfield code="a">Buenos Aires:</subfield>
    <subfield code="b">Punto de lectura;</subfield>
    <subfield code="c">2003.</subfield>
  </datafield>
  <datafield tag="300" ind1=" " ind2=" ">
    <subfield code="a">165 p.</subfield>
  </datafield>
  <datafield tag="500" ind1=" " ind2=" ">
    <subfield code="a">Cort&#xE1;zar, J. (2003). Bestiario. (1a ed.). Buenos Aires : Suma de Letras Argentinas.</subfield>
  </datafield>
  <datafield tag="505" ind1=" " ind2=" ">
    <subfield code="a">Bestiario en el primer libro de relatos que Julio Cort&#xE1;zar publica con su aut&#xE9;ntico nombre. Pero no hay en estas ocho obras maestras ni el menor balbuceo ni resacas juveniles: son perfectas. Estos cuentos, que hablan de objetos y hechos cotidianos, pasan a la dimensi&#xF3;n de la pesadilla o de la revelaci&#xF3;n de un modo natural e imperceptible. Sorpresa o incomodidad son, en cada texto, un condimento que se agrega al placer indescriptible de su lectura. Sus relatos nos desazonan porque poseen una caracter&#xED;stica muy rara en la literatura: se nos quedan mirando, como si esperaran algo de nosotros. Despu&#xE9;s de leer estos verdaderos cl&#xE1;sicos del g&#xE9;nero, nuestra opini&#xF3;n sobre el mundo no puede ser siendo la misma. </subfield>
  </datafield>
  <datafield tag="590" ind1=" " ind2=" ">
    <subfield code="a">Donacion septiembre 2017, Constanzo Juan Carlos.</subfield>
  </datafield>
  <datafield tag="655" ind1=" " ind2=" ">
    <subfield code="a">cuentos cortos</subfield>
    <subfield code="9">3278</subfield>
  </datafield>
  <datafield tag="942" ind1=" " ind2=" ">
    <subfield code="2">ddc</subfield>
    <subfield code="c">LIT</subfield>
  </datafield>
  <datafield tag="999" ind1=" " ind2=" ">
    <subfield code="c">2445</subfield>
    <subfield code="d">2445</subfield>
  </datafield>
  <datafield tag="952" ind1=" " ind2=" ">
    <subfield code="0">0</subfield>
    <subfield code="1">0</subfield>
    <subfield code="2">ddc</subfield>
    <subfield code="4">0</subfield>
    <subfield code="7">0</subfield>
    <subfield code="8">NFIC</subfield>
    <subfield code="a">BFM</subfield>
    <subfield code="b">BFM</subfield>
    <subfield code="c">CR</subfield>
    <subfield code="d">2017-09-18</subfield>
    <subfield code="e">2017-09-18</subfield>
    <subfield code="l">4</subfield>
    <subfield code="m">3</subfield>
    <subfield code="o">808.8  13 COR</subfield>
    <subfield code="p">3927</subfield>
    <subfield code="r">2024-03-21</subfield>
    <subfield code="s">2024-03-06</subfield>
    <subfield code="t">Ej.1</subfield>
    <subfield code="w">2017-09-18</subfield>
    <subfield code="y">LIT</subfield>
    <subfield code="z">Proyecto 4to Libro. Donaci&#xF3;n Constanzo Juan Carlos, Septiembre 2017</subfield>
  </datafield>
  <datafield tag="952" ind1=" " ind2=" ">
    <subfield code="0">0</subfield>
    <subfield code="1">0</subfield>
    <subfield code="2">ddc</subfield>
    <subfield code="4">0</subfield>
    <subfield code="7">0</subfield>
    <subfield code="a">BFM</subfield>
    <subfield code="b">BFM</subfield>
    <subfield code="c">CR</subfield>
    <subfield code="d">2025-07-24</subfield>
    <subfield code="e">Donaci&#xF3;n Navarro, Adriana. Julio 2025</subfield>
    <subfield code="l">1</subfield>
    <subfield code="o">808.8 13 COR</subfield>
    <subfield code="p">5056</subfield>
    <subfield code="r">2025-09-01</subfield>
    <subfield code="s">2025-07-30</subfield>
    <subfield code="t">Ej. 2</subfield>
    <subfield code="w">2025-07-24</subfield>
    <subfield code="y">LIT</subfield>
    <subfield code="z">Donaci&#xF3;n Navarro, Adriana. Julio 2025. Sede Tordos.</subfield>
    <subfield code="f"></subfield>
  </datafield>
</record>
